| 000 | 01367nam a2200241Ia 4500 | ||
|---|---|---|---|
| 003 | Ost | ||
| 005 | 20260416102351.0 | ||
| 008 | 260416s9999||||xx |||||||||||||| ||und|| | ||
| 040 | _cfsecg | ||
| 041 | _aara | ||
| 082 | _a336 | ||
| 100 |
_aبن العامر، نعيمة _eمؤلف |
||
| 245 | 0 |
_aالمالية العامة / _c نعيمة بن العامر |
|
| 260 |
_aالجزائر _bجامعة الجزائر3: كلية العلوم الإقتصادية، العلوم التجارية وعلوم التسيير _c2015 |
||
| 300 |
_a49 ورقة _bايضاحات _c30 سم |
||
| 504 | _aمراجع ص.101 | ||
| 520 | _aالسياسة المالية، مفهوم المالية العامة، قواعد ومبادئ اعداد الميزانية العامة، النفقات العامة، مراقبة المالية العامة، الايرادات العامة، مدخل للنظرية العامة للضريبة، قوانين المالية، تنفيذ ميزانية الدولة، مراقبة المالية العامة | ||
| 653 | _aالايرادات والنفقات | ||
| 653 | _aالسياسة المالية | ||
| 653 | _aالمالية العامة | ||
| 710 |
_aجامعة الجزائر3: كلية العلوم الإقتصادية، العلوم التجارية وعلوم التسيير _eناشر علمي |
||
| 942 | _cHANDOUT | ||
| 999 |
_c40993 _d40993 |
||